| 000 | 00606nam a2200193 a 4500 | ||
|---|---|---|---|
| 005 | 20220805094309.0 | ||
| 008 | 031007s1991 mx r 000 0 spa d | ||
| 020 | _a968361695X | ||
| 035 | _aUPN01000129660 | ||
| 049 | _aCG | ||
| 050 | 4 |
_aHF3237 _bC6.4 |
|
| 245 | 0 | 0 |
_aComerciantes mexicanos en el siglo XVIII / _cselec. de doc. e introd. por Carmen Yuste. |
| 260 |
_aMéxico : _bUNAM, Instituto de Investigaciones Históricas, _c1991. |
||
| 300 | _a265 p. | ||
| 440 | 0 |
_aHistoria novohispana ; _v45 |
|
| 651 | 2 |
_aMéxico _xComercio _xHistoria _98842 |
|
| 700 | 1 |
_aYuste, Carmen, _ecomp. |
|
| 905 | _aLibro | ||
| 999 |
_c101828 _d101828 |
||